Gente que fez, gente que faz Cuiabá : (Record no. 1090)

MARC details
000 -LÍDER
Campo Fixo de Controle 00785nam a2200241 a 4500
001 - NÚMERO DE CONTROLE
Campo de Controle 1090
003 - IDENTIFICAÇÃO DO NÚMERO DE CONTROLE
Campo de Controle BR-CuiBMT
005 - DATA E HORA DA ÚLTIMA ATUALIZAÇÃO
Campo de Controle 20231129014336.0
008 - DADOS FIXOS
Dados Fixos 231128s2019 mtba 000 0 por d
020 ## - INTERNATIONAL STANDARD BOOK NUMBER
Nº do ISBN 9788579921261
040 ## - AGÊNCIA CATALOGADORA
Código da Agência Catalogadora BR-CuiBMT
Agência que transcreveu o registro BR-CuiBMT
080 ## - Nº DA CLASSIFICAÇÃO DECIMAL UNIVERSAL
Nº edição CDU 2007
Nº Class. CDU 929.52
Subd. Auxiliar Comum (817.2)
090 ## - NÚMERO DE CHAMADA
Nº classificação 929.52(817.2)
Cutter B273g
100 1# - ENTRADA PRINCIPAL -- AUTOR PESSOAL
Nome pessoal Barreto, Neila Maria Souza
245 10 - TÍTULO PRINCIPAL
Título principal Gente que fez, gente que faz Cuiabá :
Subtítulo inventário de famílias pioneiras cuiabanas {primeira versão} /
Indicação de responsabilidade Neila Maria Souza.
260 ## - PUBLICAÇÃO, DISTRIBUIÇÃO, ETC.
Local de publicação Cuiabá :
Editora Entrelinhas,
Data 2019.
300 ## - DESCRIÇÃO FÍSICA
N. páginas ou volumes 351 p. :
Ilustrações il. color. ;
Dimensões 29 cm
504 ## - NOTA DE BIBLIOGRAFIA, ETC.
Nota de bibliografia Inclui bibliografia.
650 ## - ASSUNTO TÓPICO
Cabeçalho tópico ou nome geográfico Cuiabá (MT)
Subdivisão de forma Genealogia
650 ## - ASSUNTO TÓPICO
Cabeçalho tópico ou nome geográfico Cuiabá (MT)
Subdivisão de forma História regional
650 ## - ASSUNTO TÓPICO
Cabeçalho tópico ou nome geográfico Famílias
Subdivisão geográfica Cuiabá (MT)
942 ## - ELEMENTOS DE ENTRADA ADICIONAIS (KOHA)
Fonte de classificação ou esquema de arquivamento Classificação Decimal Universal
Tipo de item do Koha Livros
Holdings
Estado: removido Estado: perdido Fonte de classificação ou esquema de arquivamento Estado: danificado Indisponível para empréstimo Localização permanente Localização atual Data de aquisição Total Checkouts Número de Chamada completo Código de barras Date last seen Número do exemplar Preço efetivo a partir de Tipo de item (Koha)
    Classificação Decimal Universal     Biblioteca da Escola Superior de Contas do TCE/MT Biblioteca da Escola Superior de Contas do TCE/MT 28/11/2023   929.52(817.2) B273g BIBTCEMT23111253 28/11/2023 Ex. 1 28/11/2023 Livros

Powered by Koha